North American Mix-Up Quiz Stats

 Plays Quiz Updated Oct 12, 2016

Challenge
Share
Tweet
Embed
Score 0/23 Timer 04:00
7 Plays Today
Scrambled Capital Country % Correct
OXIMEC YCTIMexico
91.9%
MAPNAA TICYPanama
91.4%
TWOTAACanada
90.9%
SHONTIGNAWUnited States
84.9%
AHAVANCuba
81.8%
ALGAEATUM CYITGuatemala
80%
TORP-UA-RICEPNHaiti
76.9%
ANS RADSOVALEl Salvador
70.5%
NAS SEOJCosta Rica
67.4%
OSTAN DIGMOONDominican Republic
64.1%
TINKSNOGJamaica
62.1%
GUAMANANicaragua
61.6%
Scrambled Capital Country % Correct
SAUNASBahamas
56.8%
TROP FO PINASTrinidad and Tobago
54.2%
GAGACUTPILEHonduras
52.8%
PALMBONEBelize
42.3%
TS. ROGEEG'SGrenada
41.4%
TS. HONJ'SAntigua and Barbuda
38.9%
CATERISSSt. Lucia
36.8%
TINGSKNOWSt. Vincent and the Grenadines
36.6%
USERAODominica
35.7%
SABREESTERSt. Kitts and Nevis
35.6%
DEBWRINGOTBarbados
34.2%

You're not logged in!

Compare scores with friends on all Sporcle quizzes.
OR
Log In

You Might Also Like...

Show Comments

Extras

Top Quizzes Today


Score Distribution

Your Account Isn't Verified!

In order to create a playlist on Sporcle, you need to verify the email address you used during registration. Go to your Sporcle Settings to finish the process.

Report this User

Report this user for behavior that violates our Community Guidelines.

Details: